| 000 | 01020cam a2200313 i 4500 | ||
|---|---|---|---|
| 001 | 014889535 | ||
| 003 | EG-ScBUE | ||
| 005 | 20240407100558.0 | ||
| 008 | 081203s2009 enkb f bd 000 0 eng d | ||
| 020 | _a9781845118242 (pbk.) | ||
| 040 |
_aStDuBDS _beng _erda _cStDuBDS _dUk _dEG-ScBUE |
||
| 043 | _aa-su--- | ||
| 082 | 0 | 4 |
_a953.8 _222 _bYAM |
| 100 | 1 |
_aYamani, Mai, _eauthor. |
|
| 245 | 1 | 0 |
_aCradle of Islam : _bthe Hijaz and the quest for identity in Saudi Arabia / _cMai Yamani. |
| 264 | 1 |
_aLondon ; _aNew York : _bI. B. Tauris, _c2009. |
|
| 300 |
_axvii, 226 pages : _bmaps ; _c24 cm |
||
| 336 |
_2rdacontent _atext _btxt |
||
| 337 |
_aunmediated _2rdamedia _bn |
||
| 338 |
_avolume _bnc _2rdacarrier |
||
| 500 | _aOriginally published: 2004. | ||
| 500 | _aIncludes glossary. | ||
| 504 | _aIncludes bibliographical references. | ||
| 651 | 7 |
_aHejaz (Saudi Arabia) _2BUEsh |
|
| 651 | 7 |
_aSaudi Arabia _xEthnic relations. _2BUEsh _940051 |
|
| 653 |
_bBUSBOL _cMay2016 |
||
| 655 | _vReading book | ||
| 942 |
_2ddc _cBB |
||
| 999 |
_c21793 _d21765 |
||